Temas do direito administrativo atual / (Record no. 223)

MARC details
000 -LÍDER
Campo Fixo de Controle 00849nam a2200277 a 4500
001 - NÚMERO DE CONTROLE
Campo de Controle 223
003 - IDENTIFICAÇÃO DO NÚMERO DE CONTROLE
Campo de Controle BR-CuiBMT
005 - DATA E HORA DA ÚLTIMA ATUALIZAÇÃO
Campo de Controle 20231129043127.0
008 - DADOS FIXOS
Dados Fixos 230831s2010 mgba 000 0 por d
020 ## - INTERNATIONAL STANDARD BOOK NUMBER
Nº do ISBN 9788577003600 (v. 2)
040 ## - AGÊNCIA CATALOGADORA
Código da Agência Catalogadora BR-CuiBMT
Agência que transcreveu o registro BR-CuiBMT
080 ## - Nº DA CLASSIFICAÇÃO DECIMAL UNIVERSAL
Nº edição CDU 2007
Nº Class. CDU 342.9
090 ## - NÚMERO DE CHAMADA
Nº classificação 342.9
Cutter B732t
100 1# - ENTRADA PRINCIPAL -- AUTOR PESSOAL
Nome pessoal Borges, Alice Gonzalez
245 10 - TÍTULO PRINCIPAL
Título principal Temas do direito administrativo atual /
Indicação de responsabilidade Alice Gonzalez Borges.
260 ## - PUBLICAÇÃO, DISTRIBUIÇÃO, ETC.
Local de publicação Belo Horizonte :
Editora Fórum,
Data 2010.
300 ## - DESCRIÇÃO FÍSICA
N. páginas ou volumes 323 p. :
Ilustrações il. ;
Dimensões 24 cm
504 ## - NOTA DE BIBLIOGRAFIA, ETC.
Nota de bibliografia Inclui bibliografia.
505 1# - NOTA DE CONTEÚDO
Nota de conteúdo v. 2. Estudos e pareceres
590 ## - NOTA LOCAL
Nota local A Biblioteca possui somente o volume 2.
650 ## - ASSUNTO TÓPICO
Cabeçalho tópico ou nome geográfico Direito administrativo
Subdivisão geográfica Brasil
650 ## - ASSUNTO TÓPICO
Cabeçalho tópico ou nome geográfico Direito constitucional
Subdivisão geográfica Brasil
650 ## - ASSUNTO TÓPICO
Cabeçalho tópico ou nome geográfico Pareceres jurídicos
Subdivisão geográfica Brasil
650 ## - ASSUNTO TÓPICO
Cabeçalho tópico ou nome geográfico Contratos administrativos
942 ## - ELEMENTOS DE ENTRADA ADICIONAIS (KOHA)
Fonte de classificação ou esquema de arquivamento Classificação Decimal Universal
Tipo de item do Koha Livros
Holdings
Estado: removido Estado: perdido Fonte de classificação ou esquema de arquivamento Estado: danificado Indisponível para empréstimo Localização permanente Localização atual Data de aquisição Numeração serial ou cronológica (Volume) Total Checkouts Número de Chamada completo Código de barras Date last seen Número do exemplar Preço efetivo a partir de Tipo de item (Koha)
    Classificação Decimal Universal     Biblioteca da Escola Superior de Contas do TCE/MT Biblioteca da Escola Superior de Contas do TCE/MT 08/08/2019 v. 2   342.9 B732t BIBTCEMT23110303 08/11/2023 Ex. 1 08/11/2023 Livros
    Classificação Decimal Universal     Biblioteca da Escola Superior de Contas do TCE/MT Biblioteca da Escola Superior de Contas do TCE/MT 08/08/2019 v. 2   342.9 B732t BIBTCEMT23110305 08/11/2023 Ex. 2 08/11/2023 Livros

Powered by Koha